<?xml version="1.0" encoding="UTF-8"?>
<record
    xmlns:xsi="http://www.w3.org/2001/XMLSchema-instance"
    xsi:schemaLocation="http://www.loc.gov/MARC21/slim http://www.loc.gov/standards/marcxml/schema/MARC21slim.xsd"
    xmlns="http://www.loc.gov/MARC21/slim">

  <leader>01934    a2200253   4500</leader>
  <datafield tag="952" ind1=" " ind2=" ">
    <subfield code="0">0</subfield>
    <subfield code="1">0</subfield>
    <subfield code="2">lcc</subfield>
    <subfield code="4">0</subfield>
    <subfield code="7">0</subfield>
    <subfield code="8">NFIC</subfield>
    <subfield code="a">ML</subfield>
    <subfield code="b">ML</subfield>
    <subfield code="c">GEN</subfield>
    <subfield code="d">2022-10-13</subfield>
    <subfield code="e">Donation from ZIMCHE</subfield>
    <subfield code="l">0</subfield>
    <subfield code="o">RM184 ROS 1995</subfield>
    <subfield code="p">032603</subfield>
    <subfield code="r">2022-10-13 00:00:00</subfield>
    <subfield code="t">c. 1</subfield>
    <subfield code="w">2022-10-13</subfield>
    <subfield code="y">BK</subfield>
  </datafield>
  <datafield tag="999" ind1=" " ind2=" ">
    <subfield code="c">10773</subfield>
    <subfield code="d">10773</subfield>
  </datafield>
  <datafield tag="020" ind1=" " ind2=" ">
    <subfield code="a">9780443050060</subfield>
  </datafield>
  <datafield tag="050" ind1=" " ind2=" ">
    <subfield code="a">RM184</subfield>
    <subfield code="b">ROS 1995</subfield>
  </datafield>
  <datafield tag="100" ind1=" " ind2=" ">
    <subfield code="a">Ross, Jeremy</subfield>
    <subfield code="e">author</subfield>
  </datafield>
  <datafield tag="245" ind1=" " ind2=" ">
    <subfield code="a">Acupuncture point combinations : the key to clinical success /</subfield>
    <subfield code="c">Jeremy Ross; Foreword by Dan Bensky</subfield>
  </datafield>
  <datafield tag="250" ind1=" " ind2=" ">
    <subfield code="b">First edition published in 1995</subfield>
  </datafield>
  <datafield tag="264" ind1=" " ind2=" ">
    <subfield code="a">Edinburgh :</subfield>
    <subfield code="b">Churchill Livingstone,</subfield>
    <subfield code="c">1995</subfield>
  </datafield>
  <datafield tag="300" ind1=" " ind2=" ">
    <subfield code="a">xxi, 476 pages :</subfield>
    <subfield code="b">illustrations</subfield>
  </datafield>
  <datafield tag="336" ind1=" " ind2=" ">
    <subfield code="2">rdacontent</subfield>
    <subfield code="a">text</subfield>
    <subfield code="b">txt</subfield>
  </datafield>
  <datafield tag="337" ind1=" " ind2=" ">
    <subfield code="2">rdamedia</subfield>
    <subfield code="a">unmediated</subfield>
    <subfield code="b">n</subfield>
  </datafield>
  <datafield tag="338" ind1=" " ind2=" ">
    <subfield code="2">rdacarrier</subfield>
    <subfield code="a">volume</subfield>
    <subfield code="b">nc</subfield>
  </datafield>
  <datafield tag="504" ind1=" " ind2=" ">
    <subfield code="a">Includes indexes</subfield>
  </datafield>
  <datafield tag="505" ind1=" " ind2=" ">
    <subfield code="a">PART I: THEORETICAL PRINCIPLES of POINT COMBINATION Introduction. The Energy Body and the Energy Centres. The Origins of Diseases. The Ten Personality Types. Maintainingthe Balance of Yin and Yang. Deficiency, Excess, Stagnation and Irregularity. How to Make Effective Combinations. Types of Points. Five Element Treatments. Eight Extra Vessels PART II: POINT COMBINATIONS for the MAIN ACUPUNCTURE POINTS Conception. Governor. Kidney. Bladder. Spleen. Stomach. Liver. Gallbladder. Heart. Small Intestine. Lung. Large Intestine. Pericardium. Triple Energizer PART III: POINT COMBINATIONS for DISEASES Respiratory Systems. Circulatory and Related Syndromes. Locomotory Syndromes. Digestive Syndromes. Urinary and Oedema Syndromes. Male Sexual Syndromes. Gynaecological and Obstetric Syndromes. Eye, Ear and Facial Syndromes. Skin Syndromes. Psychological and Related Syndromes Appendix. Index</subfield>
  </datafield>
  <datafield tag="520" ind1=" " ind2=" ">
    <subfield code="a">Covers the principles and practice of combining acupuncture points - expanding a practitioner's repertoire and increasing their skills - enabling them to use a balanced and appropriate choice of points in the treatment of patients.</subfield>
  </datafield>
  <datafield tag="650" ind1=" " ind2=" ">
    <subfield code="a">Acupuncture Points </subfield>
  </datafield>
  <datafield tag="650" ind1=" " ind2=" ">
    <subfield code="a">Acupuncture Points classification </subfield>
  </datafield>
  <datafield tag="650" ind1=" " ind2=" ">
    <subfield code="a">Acupuncture Therapy methods </subfield>
  </datafield>
  <datafield tag="650" ind1=" " ind2=" ">
    <subfield code="a">Acupuncture points</subfield>
  </datafield>
  <datafield tag="942" ind1=" " ind2=" ">
    <subfield code="2">lcc</subfield>
    <subfield code="c">BK</subfield>
    <subfield code="h">184</subfield>
    <subfield code="i">ROS</subfield>
    <subfield code="k">RM</subfield>
  </datafield>
</record>
